书目信息 |
| 题名: |
中国旅游投资报告
|
|
| 作者: | ;国家旅游局 主编 | |
| 分册: | ||
| 出版信息: | 北京 中国旅游出版社 2005 |
|
| 页数: | 205页 | |
| 开本: | 23cm | |
| 丛书名: | ||
| 单 册: | ||
| 中图分类: | F592.3 | |
| 科图分类: | ||
| 主题词: | 旅游业--投资--研究报告--中国--2005 , 旅游业 , 投资 | |
| 电子资源: | ||
| ISBN: | 7-5032-2729-X | |
| 000 | 00950nam0 2200265 450 | |
| 001 | 003032284 | |
| 005 | 20070807150118.64 | |
| 010 | @a7-5032-2729-X@dCNY22.00 | |
| 035 | @a003032284 | |
| 100 | @a20051101d2005 em y0chiy0110 ea | |
| 101 | 0 | @achi |
| 102 | @aCN@b110000 | |
| 105 | @ak z 000yy | |
| 106 | @ar | |
| 200 | 1 | @a中国旅游投资报告@Azhong guo lv you tou zi bao gao@e2005@f国家旅游局规划发展与财务司主编@Fguo jia lu^ you ju gui hua fa zhan yu cai wu si zhu bian |
| 210 | @a北京@c中国旅游出版社@d2005 | |
| 215 | @a205页@d23cm | |
| 330 | @a本书主要收录了2005年中国旅游投资分析、中国旅游投资专文和各省旅游投资项目,包括中国旅游投资情况的简要回顾、全产品旅游发展论、2005年各省旅游投资项目表等。 | |
| 606 | 0 | @a旅游业@x投资@x研究报告@y中国@z2005 |
| 606 | 0 | @a旅游业 |
| 606 | 0 | @a投资 |
| 690 | @aF592.3@v4 | |
| 711 | 02 | @a国家旅游局@Aguo jia lv you ju@b规划发展与财务司@4主编 |
| 801 | 0 | @aCN@bNLC@c20070807 |
| 905 | @dF592.3@e211@f3 | |
| 中国旅游投资报告:2005/国家旅游局规划发展与财务司主编.-北京:中国旅游出版社,2005 |
| 205页;23cm |
| ISBN 7-5032-2729-X:CNY22.00 |
| 本书主要收录了2005年中国旅游投资分析、中国旅游投资专文和各省旅游投资项目,包括中国旅游投资情况的简要回顾、全产品旅游发展论、2005年各省旅游投资项目表等。 |
| ● |
| 相关链接 |
|
|
|
|
正题名:中国旅游投资报告
索取号:F592.3/211
 
预约/预借
| 序号 | 登录号 | 条形码 | 馆藏地/架位号 | 状态 | 备注 |
| 1 | 0853242 | 208532426 | 第一样本阅览室/ [索取号:F592.3/211] | 在馆 | |
| 2 | 0853243 | 208532435 | 第一借阅区/ [索取号:F592.3/211] | 在馆 | |
| 3 | 0853244 | 208532444 | 第一借阅区/ [索取号:F592.3/211] | 在馆 |